<?xml version="1.0" encoding="UTF-8"?>
<marc:record xmlns:marc="http://www.loc.gov/MARC21/slim">
   <marc:leader>00000nam a2200000 a 4500</marc:leader>
   <marc:datafield ind1="1" ind2=" " tag="100">
      <marc:subfield code="a">Wolf, Christa</marc:subfield>
      <marc:subfield code="4">aut</marc:subfield>
      <marc:subfield code="e">Verfasser/-in</marc:subfield>
   </marc:datafield>
   <marc:datafield ind1=" " ind2=" " tag="653">
      <marc:subfield code="a">MACHT</marc:subfield>
   </marc:datafield>
   <marc:datafield ind1=" " ind2=" " tag="653">
      <marc:subfield code="a">Griechische-Sage</marc:subfield>
   </marc:datafield>
   <marc:datafield ind1=" " ind2=" " tag="653">
      <marc:subfield code="a">MEDEA</marc:subfield>
   </marc:datafield>
   <marc:datafield ind1=" " ind2=" " tag="653">
      <marc:subfield code="a">MYTHOLOGIE</marc:subfield>
   </marc:datafield>
   <marc:datafield ind1="0" ind2="0" tag="245">
      <marc:subfield code="a">Medea. Stimmen</marc:subfield>
   </marc:datafield>
   <marc:datafield ind1="0" ind2="0" tag="245">
      <marc:subfield code="b">Roman</marc:subfield>
   </marc:datafield>
   <marc:datafield ind1="0" ind2="0" tag="245">
      <marc:subfield code="c">Christa Wolf</marc:subfield>
   </marc:datafield>
   <marc:datafield ind1=" " ind2="1" tag="264">
      <marc:subfield code="a">Wien</marc:subfield>
      <marc:subfield code="b">Kremayr &amp; Scheriau</marc:subfield>
      <marc:subfield code="c">1996</marc:subfield>
   </marc:datafield>
   <marc:datafield ind1="1" ind2=" " tag="520">
      <marc:subfield code="a">Ohne Abstriche bleibt das zur Erstausgabe des Romans Gesagte (BA 5/96): "Provozierend neue, auf die Gegenwart zielende Version des antiken Stoffes ..., ein großes, literarisch und intellektuell anspruchsvolles Lesevergnügen." Auch diesem Band der Werkausgabe ist ein umfangreicher Anhang beigefügt - mit wieder gut nutzbarem Nachwort, mit Kommentierungen und Angaben zur Entstehung und Rezeptionsgeschichte, dazu noch Wolfs eigenen, allerdings nur karg vorhandenen Bemerkungen, sogar mit einer Art von "Selbstinterpretation" - zur sicher "großen Freude" von Germanisten, wie Wolf ironisch bemerkt. Die Gedanken waren als Dankesrede bereits in C. Wolf: "Hierzulande Andernorts" (BA 6/99) zu finden. Die übrigen 4 kürzeren Texte (u.a. ein Gespräch und Notate) erschienen verstreut in Ausgaben, die eher nicht in öffentlichen Bibliotheken zu finden sein dürften (so "Christa Wolfs Medea", Berlin, 1998). Wichtig natürlich dort zuerst, wo bisher auf den Erwerb des Romans verzichtet wurde. Bei sehr regem, nachhakendem Interesse an C. Wolf (Sekundärliteratur) auch zusätzlich.</marc:subfield>
   </marc:datafield>
   <marc:datafield ind1="0" ind2=" " tag="490">
      <marc:subfield code="v">0</marc:subfield>
   </marc:datafield>
   <marc:datafield ind1=" " ind2=" " tag="300">
      <marc:subfield code="a">235 S.</marc:subfield>
   </marc:datafield>
</marc:record>
